Condiciones económicas y financieras de actividad cafetalera en Costa Rica
محفوظ في:
| المؤلف الرئيسي: | |
|---|---|
| التنسيق: | نص |
| منشور في: |
San José:
Banco Central de Costa Rica
|
| الوسوم: |
إضافة وسم
لا توجد وسوم, كن أول من يضع وسما على هذه التسجيلة!
|
MARC
| LEADER | 00000 a a2200000 04500 | ||
|---|---|---|---|
| 001 | 16684 | ||
| 003 | |||
| 040 | |||
| 090 | |a 011400 | ||
| 100 | |a Alvarez, Eduardo | ||
| 245 | |a Condiciones económicas y financieras de actividad cafetalera en Costa Rica | ||
| 260 | |a San José: |b Banco Central de Costa Rica | ||
| 300 | |a pp. 78-11 | ||
| 999 | |c 16765 |d 16765 | ||
